000 00586nam a2200181 i 4500
001 23763
003 ES-MaACL
005 20230906152930.0
007 t|
008 021212s1979 sp ||||1| spa d
100 1 _aAnderson, J. R.
_921451
245 1 0 _aPatología de Muir
_b: compendio de anatomía patológica general /
_cJ.R. Anderson ; versión Antonio Rives Ferriol ...[et al.].
260 _a[Barcelona :
_bEspaxs,
_c1979]
300 _a1168 p. :
_bil. ;
_c25 cm.
700 1 _aRives Ferriol, Antonio.
_997720
700 1 _aMuir.
_984083
852 _aES-MaACL
_jC-21810
_bR.100815
999 _c23763
_d23763